书目信息 |
| 题名: |
中华文化对外传播研究
|
|
| 作者: | 李锦云 著 | |
| 分册: | ||
| 出版信息: | 北京 中国社会科学出版社 2022 |
|
| 页数: | 249页 | |
| 开本: | 24cm | |
| 丛书名: | ||
| 单 册: | ||
| 中图分类: | G125 | |
| 科图分类: | ||
| 主题词: | 中华文化--文化传播--研究 | |
| 电子资源: | ||
| ISBN: | 978-7-5203-9792-6 | |
| 000 | 01021nam0 2200229 450 | |
| 001 | 2238632927 | |
| 005 | 20220918104407.84 | |
| 010 | @a978-7-5203-9792-6@dCNY98.00 | |
| 100 | @a20220616d2022 em y0chiy50 ea | |
| 101 | 0 | @achi |
| 102 | @aCN@b110000 | |
| 105 | @ay z 000yy | |
| 200 | 1 | @a中华文化对外传播研究@9zhong hua wen hua dui wai chuan bo yan jiu@dResearch on the external communication of Chinese culture@f李锦云著@zeng |
| 210 | @a北京@c中国社会科学出版社@d2022 | |
| 215 | @a249页@d24cm | |
| 330 | @a本书从历时性和共时性两个维度对文化传播格局进行描摹,以使读者对中华文化对外传播的整体情况有一个宏观的认知。本书不仅对新中国成立以来国家对文化对外传播的政策及其特点进行了缜密的梳理,而且重点对官方和民间两大传播主体所主导的多种传播形式和路径及其特点进行了归纳总结。 | |
| 510 | 1 | @aResearch on the external communication of Chinese culture@zeng |
| 606 | 0 | @a中华文化@x文化传播@x研究 |
| 690 | @aG125@v5 | |
| 701 | 0 | @a李锦云@9li jin yun@f(1981-)@4著 |
| 801 | 0 | @aCN@b91MARC@c20220712 |
| 905 | @aZUCC@dG125@e8 | |
| 中华文化对外传播研究=Research on the external communication of Chinese culture/李锦云著.-北京:中国社会科学出版社,2022 |
| 249页;24cm |
| ISBN 978-7-5203-9792-6:CNY98.00 |
| 本书从历时性和共时性两个维度对文化传播格局进行描摹,以使读者对中华文化对外传播的整体情况有一个宏观的认知。本书不仅对新中国成立以来国家对文化对外传播的政策及其特点进行了缜密的梳理,而且重点对官方和民间两大传播主体所主导的多种传播形式和路径及其特点进行了归纳总结。 |
| ● |
| 相关链接 |
|
|
|
正题名:中华文化对外传播研究
索取号:G125/8
 
预约/预借
| 序号 | 登录号 | 条形码 | 馆藏地/架位号 | 状态 | 备注 |
| 1 | 2000897422 | 2000897422 | 第三书库/ [索取号:G125/8] | 在馆 | |
| 2 | 2000897423 | 2000897423 | 第三书库/ [索取号:G125/8] | 在馆 | |
| 3 | 2000897424 | 2000897424 | 第三书库/ [索取号:G125/8] | 在馆 |